Modernist anthropology : (Record no. 89514)
[ view plain ]
| 000 -LEADER | |
|---|---|
| fixed length control field | 00790pam a2200241 a 4500 |
| 001 - CONTROL NUMBER | |
| control field | 4347321 |
| 005 - DATE AND TIME OF LATEST TRANSACTION | |
| control field | 20161228112831.0 |
| 008 - FIXED-LENGTH DATA ELEMENTS--GENERAL INFORMATION | |
| fixed length control field | 891207s1990 nju b 001 0 eng |
| 020 ## - INTERNATIONAL STANDARD BOOK NUMBER | |
| International Standard Book Number | 0691068461 (cloth : alk. paper) : |
| 020 ## - INTERNATIONAL STANDARD BOOK NUMBER | |
| International Standard Book Number | 0691014809 (paper : alk. paper) : |
| 040 ## - CATALOGING SOURCE | |
| Transcribing agency | DPK-LaUMT |
| 082 00 - DEWEY DECIMAL CLASSIFICATION NUMBER | |
| Classification number | 306.072 |
| Edition number | 20 |
| Item number | MOD- |
| 245 00 - TITLE STATEMENT | |
| Title | Modernist anthropology : |
| Remainder of title | from fieldwork to text / |
| Statement of responsibility, etc | edited and with an introduction by Marc Manganaro |
| 260 ## - PUBLICATION, DISTRIBUTION, ETC. (IMPRINT) | |
| Place of publication, distribution, etc | Princeton, N.J. : |
| Name of publisher, distributor, etc | Princeton University Press, |
| Date of publication, distribution, etc | 1990 |
| 300 ## - PHYSICAL DESCRIPTION | |
| Extent | xii, 337 p. ; |
| Dimensions | 25 cm. |
| 546 ## - LANGUAGE NOTE | |
| Language note | English |
| 650 #0 - SUBJECT ADDED ENTRY--TOPICAL TERM | |
| Topical term or geographic name as entry element | Anthropology |
| General subdivision | Fieldwork. |
| 650 #0 - SUBJECT ADDED ENTRY--TOPICAL TERM | |
| Topical term or geographic name as entry element | Anthropology |
| General subdivision | Methodology. |
| 650 #0 - SUBJECT ADDED ENTRY--TOPICAL TERM | |
| Topical term or geographic name as entry element | Literature and anthropology. |
| 650 #0 - SUBJECT ADDED ENTRY--TOPICAL TERM | |
| Topical term or geographic name as entry element | Anthropologists' writings. |
| 700 1# - ADDED ENTRY--PERSONAL NAME | |
| Personal name | Manganaro, Marc, |
| 942 ## - ADDED ENTRY ELEMENTS (KOHA) | |
| Koha item type | Books |
| Withdrawn status | Lost status | Damaged status | Home library | Current library | Date acquired | Full call number | Barcode | Date last seen | Price effective from | Koha item type |
|---|---|---|---|---|---|---|---|---|---|---|
| UMT Main Campus | UMT Main Campus | 2016-12-28 | 306.072 MOD- | 104646 | 2016-12-28 | 2016-12-28 | Books |
